Informazione (Record n. 98502)

Dettagli MARC
000 -LEADER
fixed length control field 00912nam a22001817a 4500
003 - CONTROL NUMBER IDENTIFIER
control field IT-RoPau
005 - DATE AND TIME OF LATEST TRANSACTION
control field 20220918181105.0
008 - FIXED-LENGTH DATA ELEMENTS--GENERAL INFORMATION
fixed length control field 130508b xxu||||| |||| 00| 0 eng d
040 ## - CATALOGING SOURCE
Transcribing agency IT-RoPau
100 ## - MAIN ENTRY--PERSONAL NAME
Personal name Centro di Spiritualità Paolina
9 (RLIN) 518
245 ## - TITLE STATEMENT
Title Informazione
250 ## - EDITION STATEMENT
Edition statement 1° ed
260 ## - PUBLICATION, DISTRIBUTION, ETC. (IMPRINT)
Place of publication, distribution, etc. Ariccia (Roma)
Name of publisher, distributor, etc. Casa Divin Maestro
Date of publication, distribution, etc. 1973
300 ## - PHYSICAL DESCRIPTION
Extent 28 pp.
Dimensions 28 cm
490 ## - SERIES STATEMENT
Series statement Informazione
Volume/sequential designation n° 11 - Novembre 1973
520 ## - SUMMARY, ETC.
Summary, etc. Sommario<br/><br/><br/>Nel Cristo Via, Verità e Vita<br/><br/>1. A due anni dalla morte di don Giacomo Alberione: dilexit Ecclesiam.<br/>2. "Via, Verità e Vita": principio ispiratore dell'apostolato paolino<br/> 1. Natura dell'apostolato<br/> 2. Il vero senso pastorale<br/> 3. Le attese e i bisogni dell'uomo<br/> 4. Le masse, bisognose del Cristo.<br/> 5. Quali scelte? Quale redazione?<br/>3. Don Francesco S. Borrano: Il sacerdote paolino.<br/>4. Dialogo nella Famiglia Paolina.<br/>
942 ## - ADDED ENTRY ELEMENTS (KOHA)
Source of classification or shelving scheme Dewey Decimal Classification
Koha item type RIVISTA
Dati di copia
Withdrawn status Lost status Source of classification or shelving scheme Damaged status Not for loan Home library Current library Date acquired Total Checkouts Full call number Date last seen Price effective from Koha item type
    Dewey Decimal Classification Buone Condizioni Not For Loan PAULUS-BIBLIOTECA PAULUS-BIBLIOTECA 08/05/2013   P C6 08/05/2013 08/05/2013 RIVISTA
    Dewey Decimal Classification Buone Condizioni Not For Loan PAULUS-BIBLIOTECA PAULUS-BIBLIOTECA 08/05/2013   P C6 08/05/2013 08/05/2013 RIVISTA
    Dewey Decimal Classification Buone Condizioni Not For Loan PAULUS-BIBLIOTECA PAULUS-BIBLIOTECA 08/05/2013   P C6 08/05/2013 08/05/2013 RIVISTA
    Dewey Decimal Classification Buone Condizioni Not For Loan PAULUS-BIBLIOTECA PAULUS-BIBLIOTECA 08/05/2013   P C6 08/05/2013 08/05/2013 RIVISTA
    Dewey Decimal Classification Buone Condizioni Not For Loan PAULUS-BIBLIOTECA PAULUS-BIBLIOTECA 08/05/2013   P C6 08/05/2013 08/05/2013 RIVISTA
CREDITS: SOCIETA' SAN PAOLO Via A.Severo, 58 - ROMA (RM) & PERIODICI SAN PAOLO SRL Via Giotto, 36 MILANO & CISF Via Giotto, 36 MILANO & EDIZIONI SAN PAOLO SRL,  Piazza Soncino, 5 CINISELLO BALSAMO (MI) -- ITALY